Every 100,000+ City in The Caribbean in Order - Statistics

General Stats
  • This quiz has been taken 38 times
    6 since last reset
  • The average score is 32 of 74
Answer Stats
Letter Population City % Correct
H 2,218,521 Havana
100%
K 841,349 Kingston
100%
P-A-P 3,489,620 Port-au-Prince
100%
S-J 1,844,410 San Juan
100%
S-D 4,402,136 Santo Domingo
100%
N 296,522 Nassau
83%
P-O-S 430,041 Port of Spain
83%
W 136,660 Willemstad
83%
B 185,187 Bayamón
67%
B 122,079 Bridgetown
67%
C 362,811 Camagüey
67%
C-H 521,973 Cap-Haïtien
67%
G 417,306 Gonaïves
67%
M-B 121,939 Montego Bay
67%
P-A-P 250,952 Pointe-à-Pitre
67%
P 224,142 Ponce
67%
S-F 103,779 San Fernando
67%
S-D-L-C 1,078,239 Santiago de los Caballeros
67%
S-D-E 1,167,264 Santo Domingo Este
67%
S-D-N 702,533 Santo Domingo Norte
67%
S-D-O 466,938 Santo Domingo Oeste
67%
B 171,028 Bayamo
50%
C 154,815 Carolina
50%
C 706,249 Carrefour
50%
C 109,034 Chaguanas
50%
G 230,757 Guantánamo
50%
H 309,615 Holguín
50%
L-R 254,753 La Romana
50%
S-J 172,497 San Juan
50%
S-D-C 507,355 Santiago de Cuba
50%
A 112,319 Azua
33%
B 147,998 Barahona
33%
C 127,244 Caguas
33%
C 120,022 Cárdenas
33%
C-D-A 146,190 Ciego de Ávila
33%
C 192,101 Cienfuegos
33%
E 130,797 Esperanza
33%
G-G 124,135 Grand Goâve
33%
H 238,647 Higüey
33%
J 151,539 Jérémie
33%
L-T 220,964 Las Tunas
33%
L-V 225,866 La Vega
33%
L-C 145,119 Les Cayes
33%
M 130,260 Manzanillo
33%
M 188,272 Matanzas
33%
P-D-R 177,790 Pinar del Río
33%
P 179,510 Portmore
33%
P-P 280,332 Puerto Plata
33%
P-C 165,809 Punta Cana
33%
S-M 252,816 Saint-Marc
33%
S-C 283,135 San Cristóbal
33%
S-S 150,113 Sancti Spíritus
33%
S-F-D-M 208,481 San Francisco de Macorís
33%
S-P-D-M 228,535 San Pedro de Macorís
33%
S-C 252,686 Santa Clara
33%
S-T 166,272 Spanish Town
33%
B-D-H 160,664 Bajos de Haina
17%
B 120,616 Baní
17%
B 162,686 Bonao
17%
C 105,194 Contramaestre
17%
C 110,240 Cotuí
17%
C-D-B 341,064 Croix-des-Bouquets
17%
H 110,540 Hinche
17%
J 203,388 Jacmel
17%
L 115,709 Léogâne
17%
M 148,520 Mao
17%
M 103,166 Mirebalais
17%
M 171,408 Moca
17%
N/B 138,307 Navarrete
17%
O 129,401 Ouanaminthe
17%
P-S 121,770 Palma Soriano
17%
P-G 157,296 Petit-Goâve
17%
P-D-P 320,055 Port-de-Paix
17%
V 131,693 Verrettes
17%
No matching quizzes found
Score Distribution
Percent of People with Each Score
Percentile by Number Answered
Your Score History
You have not taken this quiz since the last reset